Избирательность сорбции некоторых ионов металлов макросетчатыми карбоксильными катионитами из водно-диметилформамидных сред и её использование в анализе: автореферат диссертации на соискание ученой степени кандидата химических наук; спец. 02.00.02.

Dades bibliogràfiques
Autor principal: Скворцова Л. Н. Лидия Николаевна
Autor corporatiu: Томский государственный университет
Altres autors: Волков В. И. (научный консультант), Чащина О. В. (научный руководитель)
Idioma:rus
Publicat: Томск, 1989
Matèries:
Format: MixedMaterials Llibre
KOHA link:https://koha.lib.tpu.ru/cgi-bin/koha/opac-detail.pl?biblionumber=245383

MARC

LEADER 00000nam0a2200000 4500
001 245383
005 20250225063228.0
035 |a (RuTPU)RU\TPU\book\266790 
035 |a RU\TPU\book\48835 
090 |a 245383 
100 |a 20030127d1989 k y0rusy50 ca 
101 0 |a rus 
102 |a RU 
105 |a a dm 001zy 
200 1 |a Избирательность сорбции некоторых ионов металлов макросетчатыми карбоксильными катионитами из водно-диметилформамидных сред и её использование в анализе  |e автореферат диссертации на соискание ученой степени кандидата химических наук  |e спец. 02.00.02.  |f Л. Н. Скворцова  |g Томский государственный университет;науч. рук. В. И. Волков; Науч. конс. О. В. Чащина 
210 |a Томск  |d 1989 
215 |a 20 с.  |c ил. 
320 |a Библиогр.: с. 19-20 (12 назв.). 
606 1 |a Катиониты  |2 stltpush  |3 (RuTPU)RU\TPU\subj\70866  |9 85035 
606 1 |a Хроматография ионная  |2 stltpush  |3 (RuTPU)RU\TPU\subj\73847  |9 86593 
610 1 |a сорбция 
610 1 |a иониты 
610 1 |a металлы 
610 1 |a свойства 
610 1 |a вода 
610 1 |a растворы 
610 1 |a медь 
610 1 |a марганец 
610 1 |a кадмий 
610 1 |a авторефераты диссертаций 
675 |a 544.726(048)  |v 3 
675 |a 543.544.1(048)  |v 3 
686 |a 02.00.02.  |2 oksvnk 
700 1 |a Скворцова  |b Л. Н.  |g Лидия Николаевна 
702 1 |a Волков  |b В. И.  |4 695 
702 1 |a Чащина  |b О. В.  |4 727 
712 0 2 |a Томский государственный университет  |c 1917-2009  |7 ca  |8 rus  |2 stltpush  |3 (RuTPU)RU\TPU\col\397  |9 23396 
801 1 |a RU  |b 63413507  |c 20131111 
801 2 |a RU  |b 63413507  |c 20141226  |g RCR 
942 |c BK